[Event "Kvika Reykjavik Open 2022"]
[Site "Reykjavik, Iceland"]
[Date "2022.04.07"]
[Round "2.54"]
[White "Decosse, Jean-Fabien"]
[Black "Bohlin, Jan"]
[Result "1-0"]
[WhiteElo "2160"]
[BlackElo "1849"]
[PlyCount "117"]
[EventDate "2022.??.??"]

1. d4 {[%eval 3,0]} Nf6 {[%eval 23,0]} 2. c4 {[%eval 2,0]} e6 {[%eval 23,0]} 3.
Nc3 {[%eval 5,0]} d5 {[%eval 41,0]} 4. cxd5 {[%eval 16,0]} exd5 {[%eval 37,0]}
5. Bg5 {[%eval 35,0]} c6 {[%eval 37,0]} 6. e3 {[%eval 28,0]} h6 {[%eval 4,0]}
7. Bh4 {[%eval 29,0]} Be7 {[%eval 4,0]} 8. Bd3 {[%eval 25,0]} O-O {[%eval 29,0]
} 9. Qc2 {[%eval 28,0]} Re8 {[%eval 39,0]} 10. Nge2 {[%eval 27,0]} Nbd7 {
[%eval 43,0]} 11. O-O {[%eval 29,0]} a5 {[%eval 34,0]} 12. f3 {[%eval 39,0]} b5
{[%eval 4,0]} 13. Bf2 {[%eval 31,0]} Ba6 {[%eval 26,0]} 14. Kh1 {[%eval 16,0]}
Nb6 $6 {[%eval 81,0] Inaccuracy. Qb6 was best.} (14... Qb6 15. Rad1) 15. Bg1 $6
{[%eval 5,0] Inaccuracy. e4 was best.} (15. e4 b4 16. Bxa6 Rxa6 17. Nd1 dxe4
18. fxe4 Qc8 19. Rc1 Bf8 20. Ng3 c5 21. dxc5 Nbd7) 15... b4 {[%eval 38,0]} 16.
Bxa6 {[%eval 17,0]} Rxa6 {[%eval 41,0]} 17. Nb1 $6 {[%eval 11,0] Inaccuracy.
Nd1 was best.} (17. Nd1 Bf8) 17... Nbd7 $6 {[%eval 65,0] Inaccuracy. Qc8 was
best.} (17... Qc8 18. Rc1 Nc4 19. Nd2 Nxd2 20. Qxd2 Bd6 21. Bf2 Rb6 22. Bg3
Bxg3 23. Nxg3 h5 24. h4) 18. Nd2 $2 {[%eval 43,0] Mistake. e4 was best.} (18.
e4 c5 19. e5 Nh7 20. f4 c4 21. a3 Qa8 22. Nd2 Qc6 23. f5 Rb6 24. Qd1 Reb8)
18... c5 {[%eval 46,0]} 19. dxc5 $6 {[%eval -75,0] Inaccuracy. Rfd1 was best.}
(19. Rfd1 Qa8 20. dxc5 a4 21. Rac1 Nxc5 22. Nd4 Qb7 23. Nf1 Bf8 24. Ng3 b3 25.
axb3 axb3) 19... Bxc5 {[%eval -99,0]} 20. Nd4 {[%eval -91,0]} Bxd4 {[%eval -81,
0]} 21. exd4 {[%eval -83,0]} Rae6 {[%eval -63,0]} 22. a3 {[%eval -61,0]} Re2 {
[%eval 99,0]} 23. axb4 $2 {[%eval -142,0] Mistake. Rf2 was best.} (23. Rf2 Nh5
24. g3 Qb6 25. axb4 Qxb4 26. Qc3 Rxf2 27. Bxf2 Re2 28. Be1 Qe7 29. Nf1 a4)
23... axb4 $2 {[%eval -98,0] Mistake. Nh5 was best.} (23... Nh5) 24. Rf2 {
[%eval 96,0]} Qe7 {[%eval 98,0]} 25. Raf1 {[%eval 96,0]} Nh5 {[%eval 62,0]} 26.
g3 {[%eval 4,0]} Nhf6 {[%eval 5,0]} 27. Kg2 {[%eval 93,0]} Nb6 {[%eval 95,0]}
28. b3 {[%eval -74,0]} Rxf2+ $6 {[%eval 46,0] Inaccuracy. Rc8 was best.} (28...
Rc8 29. Qb1) 29. Bxf2 {[%eval 48,0]} Rc8 {[%eval 4,0]} 30. Qd3 {[%eval 68,0]}
Qd7 {[%eval 31,0]} 31. Qa6 {[%eval 64,0]} Qc6 {[%eval 54,0]} 32. Re1 {[%eval
41,0]} Ra8 {[%eval 48,0]} 33. Qd3 {[%eval 46,0]} Nc8 {[%eval 8,0]} 34. g4 {
[%eval 53,0]} Qc3 $6 {[%eval 6,0] Inaccuracy. Nh7 was best.} (34... Nh7 35. Nf1
) 35. Re3 {[%eval 43,0]} Qxd3 {[%eval 75,0]} 36. Rxd3 {[%eval 78,0]} Nd6 $6 {
[%eval 3,0] Inaccuracy. Ne7 was best.} (36... Ne7) 37. Nf1 {[%eval 0,0]} Nb5 {
[%eval 0,0]} 38. Be1 {[%eval 0,0]} Ra2+ {[%eval 0,0]} 39. Kg1 {[%eval 21,0]}
Nc3 $6 {[%eval 51,0] Inaccuracy. h5 was best.} (39... h5 40. g5) 40. Bxc3 {
[%eval 59,0]} bxc3 {[%eval 52,0]} 41. Rxc3 {[%eval 52,0]} Rb2 {[%eval 100,0]}
42. Rc8+ $6 {[%eval 21,0] Inaccuracy. Ne3 was best.} (42. Ne3) 42... Kh7 {
[%eval 26,0]} 43. Rb8 {[%eval 6,0]} g5 $4 {[%eval 167,0] Blunder. Nd7 was best.
} (43... Nd7) 44. Rb6 $2 {[%eval 52,0] Mistake. Rb7 was best.} (44. Rb7) 44...
Kg7 $4 {[%eval 346,0] Blunder. Ne8 was best.} (44... Ne8 45. Ng3 Nc7 46. b4
Rb1+ 47. Kf2 Ne6 48. Nf5 Rb2+ 49. Ke1 Rxh2 50. Rd6 h5 51. Rxd5) 45. Ne3 {
[%eval 287,0]} h5 46. h4 gxh4 47. g5 Nh7 48. Nf5+ Kg8 49. Rb8+ Nf8 50. Nxh4 Kg7
51. Nf5+ Kg6 52. Ne7+ Kg7 53. f4 Ne6 54. Rg8+ Kh7 55. f5 Nxd4 56. g6+ fxg6 57.
fxg6+ Kh6 58. Rh8+ Kg5 59. g7 1-0

[Event "Kvika Reykjavik Open 2022"]
[Site "Reykjavik, Iceland"]
[Date "2022.04.07"]
[Round "2.56"]
[White "Sigeman, Johan"]
[Black "Jonsson, Olafur Gisli"]
[Result "1-0"]
[WhiteElo "2136"]
[BlackElo "1847"]
[PlyCount "101"]
[EventDate "2022.??.??"]

1. d4 {[%eval 3,0]} Nf6 {[%eval 23,0]} 2. c4 {[%eval 2,0]} e6 {[%eval 23,0]} 3.
g3 {[%eval 3,0]} d5 {[%eval 9,0]} 4. Bg2 {[%eval 2,0]} Be7 {[%eval 26,0]} 5.
Nf3 {[%eval 22,0]} O-O {[%eval 31,0]} 6. O-O {[%eval 22,0]} Nbd7 {[%eval 5,0]}
7. Nc3 {[%eval 22,0]} c6 {[%eval 31,0]} 8. b3 {[%eval 62,0]} b6 {[%eval 4,0]}
9. Bb2 {[%eval 49,0]} Bb7 {[%eval 4,0]} 10. Qc2 {[%eval 42,0]} Rc8 {[%eval 57,
0]} 11. e4 {[%eval 48,0]} dxe4 {[%eval 7,0]} 12. Ng5 {[%eval 41,0]} c5 {
[%eval 43,0]} 13. Ncxe4 {[%eval 0,0]} Nxe4 {[%eval 1,0]} 14. Nxe4 {[%eval 0,0]}
Bxe4 {[%eval 37,0]} 15. Bxe4 {[%eval 5,0]} Nf6 {[%eval 43,0]} 16. dxc5 {
[%eval 27,0]} Nxe4 $6 {[%eval 9,0] Inaccuracy. Bxc5 was best.} (16... Bxc5 17.
Bf3 Qe7 18. Rad1 Rcd8 19. Be5 Rxd1 20. Rxd1 Rd8 21. Rxd8+ Qxd8 22. Kf1 Qd7 23.
Qc3) 17. Qxe4 {[%eval 111,0]} Rxc5 {[%eval 86,0]} 18. Rfd1 {[%eval 95,0]} Qc7 {
[%eval 93,0]} 19. Rd3 {[%eval 113,0]} Rd8 {[%eval 101,0]} 20. Rad1 {[%eval 123,
0]} Rxd3 {[%eval 83,0]} 21. Rxd3 {[%eval 86,0]} h6 {[%eval 105,0]} 22. h4 {
[%eval 75,0]} Bf6 $4 {[%eval 584,0] Blunder. Rf5 was best.} (22... Rf5 23. Kg2
b5 24. cxb5 Rxb5 25. Qa8+ Rb8 26. Qf3 Qb7 27. Bc1 g5 28. h5 f5 29. Qxb7) 23.
Bxf6 {[%eval 571,0]} gxf6 {[%eval 583,0]} 24. Qa8+ {[%eval 561,0]} Kg7 {
[%eval 576,0]} 25. Rd8 {[%eval 553,0]} f5 {[%eval 714,0]} 26. Rh8 {[%eval 662,
0]} b5 $4 {[%eval 32760,0] Checkmate is now unavoidable. Kf6 was best.} (26...
Kf6 27. Rxh6+) 27. Qf8+ {[%eval 32762,0]} Kf6 {[%eval 32762,0]} 28. Qxh6+ $4 {
[%eval 664,0] Lost forced checkmate sequence. f4 was best.} (28. f4 Qxf4 29.
gxf4 bxc4 30. Rxh6#) 28... Ke7 {[%eval 855,0]} 29. Qg5+ {[%eval 606,0]} Kd7 {
[%eval 675,0]} 30. Rf8 {[%eval 664,0]} Kc6 {[%eval 746,0]} 31. cxb5+ $6 {
[%eval 523,0] Inaccuracy. Qg8 was best.} (31. Qg8) 31... Kxb5 {[%eval 529,0]}
32. Qf4 {[%eval 621,0]} Rc1+ 33. Kh2 Qc5 34. Rb8+ Ka6 35. Qa4+ Qa5 36. Qxa5+
Kxa5 37. Rb7 Ka6 38. Rxf7 Rc2 39. Kg2 Rxa2 40. h5 Rb2 41. Re7 Rxb3 42. Rxe6+
Kb7 43. h6 Rc3 44. h7 Rc8 45. Rh6 Rh8 46. Kf3 a5 47. Kf4 a4 48. Kxf5 a3 49. Kg6
a2 50. Rh1 Rc8 51. Ra1 1-0

[Event "Kvika Reykjavik Open 2022"]
[Site "Reykjavik, Iceland"]
[Date "2022.04.07"]
[Round "2.69"]
[White "Balzer, Lars"]
[Black "Steiners, Emils"]
[Result "1-0"]
[WhiteElo "2015"]
[BlackElo "1731"]
[PlyCount "53"]
[EventDate "2022.??.??"]

1. e4 e6 2. d4 d5 3. e5 c5 4. c3 Nc6 5. Be3 cxd4 6. cxd4 Bb4+ 7. Nc3 a6 8. Bd3
Nge7 9. Nge2 Nf5 10. O-O O-O 11. Rc1 Bxc3 12. bxc3 b5 13. Bf4 Bd7 14. Ng3 Na5
15. Nh5 Kh8 16. Qg4 Rg8 17. Bg5 Qf8 18. Qh3 h6 19. g4 Ne7 20. Nf6 gxf6 21. Bxh6
Rg7 22. exf6 Rxg4+ 23. Kh1 Qxh6 24. Qxh6+ Kg8 25. Bh7+ Kh8 26. Bf5+ Kg8 27.
Bxg4 1-0

[Event "Kvika Reykjavik Open 2022"]
[Site "Reykjavik, Iceland"]
[Date "2022.04.07"]
[Round "3.1"]
[White "Cornette, Matthieu"]
[Black "Gukesh, D..."]
[Result "1/2-1/2"]
[WhiteElo "2569"]
[BlackElo "2637"]
[PlyCount "68"]
[EventDate "2022.??.??"]

1. e4 {[%eval 33,0]} c5 {[%eval 32,0]} 2. Nf3 {[%eval 0,0]} Nc6 {[%eval 0,0]}
3. Bb5 {[%eval 51,0]} g6 {[%eval 59,0]} 4. c3 $6 {[%eval 2,0] Inaccuracy. O-O
was best.} (4. O-O Bg7 5. Bxc6 dxc6 6. d3 Nf6 7. h3 O-O 8. a4 Ne8) 4... Nf6 {
[%eval 21,0]} 5. Qe2 {[%eval 0,0]} Bg7 {[%eval 28,0]} 6. d4 {[%eval 23,0]} d5 {
[%eval 25,0]} 7. e5 {[%eval 38,0]} Ne4 {[%eval 3,0]} 8. O-O {[%eval 24,0]} O-O
{[%eval 13,0]} 9. Rd1 {[%eval 8,0]} cxd4 {[%eval 29,0]} 10. cxd4 {[%eval 5,0]}
Bd7 {[%eval 16,0]} 11. Bxc6 {[%eval 6,0]} Bxc6 {[%eval 8,0]} 12. Ne1 {[%eval
26,0]} f6 {[%eval 41,0]} 13. f3 {[%eval 39,0]} Ng5 {[%eval 74,0]} 14. Bxg5 {
[%eval 89,0]} fxg5 {[%eval 77,0]} 15. Nc3 {[%eval 92,0]} e6 {[%eval 82,0]} 16.
Nd3 {[%eval 101,0]} Rc8 {[%eval 94,0]} 17. Rac1 {[%eval 73,0]} Rf7 {[%eval 39,
0]} 18. Nc5 {[%eval 3,0]} Qe8 {[%eval 44,0]} 19. Qe3 {[%eval 7,0]} b6 {[%eval
47,0]} 20. Nd3 {[%eval 65,0]} Qd8 {[%eval 6,0]} 21. Rf1 {[%eval 54,0]} Bd7 {
[%eval 81,0]} 22. Rf2 {[%eval 55,0]} Bf8 {[%eval 56,0]} 23. Rcf1 {[%eval 24,0]}
b5 {[%eval 46,0]} 24. Ne2 {[%eval 48,0]} b4 {[%eval 49,0]} 25. Nc5 {[%eval 14,
0]} Bxc5 {[%eval 12,0]} 26. dxc5 {[%eval 6,0]} Bb5 {[%eval 1,0]} 27. Rc1 {
[%eval 8,0]} Bxe2 {[%eval 1,0]} 28. Rxe2 {[%eval 8,0]} Rc6 {[%eval 0,0]} 29. b3
{[%eval 25,0]} Rf5 $6 {[%eval 43,0] Inaccuracy. a5 was best.} (29... a5 30.
Rec2 Kg7 31. h3 Rf4 32. Rd2 Qb8 33. Rdc2 h6 34. Rd1 Qc7 35. Rcc1 Qd8 36. Kh2)
30. Qd4 $6 {[%eval 2,0] Inaccuracy. a3 was best.} (30. a3 Qa5 31. axb4 Qxb4 32.
Qc3 Qxc3 33. Rxc3 d4 34. Rc1 d3 35. Ra2 a5 36. Rxa5 Rxe5) 30... a5 {[%eval 3,0]
} 31. Qe3 {[%eval 14,0]} Qf8 {[%eval 33,0]} 32. Rf2 {[%eval 7,0]} Qb8 {[%eval
1,0]} 33. Re2 {[%eval 8,0]} Qd8 {[%eval 28,0]} 34. g3 {[%eval 33,0]} Qe7 {
[%eval 56,0]} 1/2-1/2

[Event "Kvika Reykjavik Open 2022"]
[Site "Reykjavik, Iceland"]
[Date "2022.04.07"]
[Round "3.2"]
[White "Niemann, Hans Moke"]
[Black "Beerdsen, Thomas"]
[Result "1-0"]
[WhiteElo "2637"]
[BlackElo "2496"]
[PlyCount "59"]
[EventDate "2022.??.??"]

1. e4 {[%eval 33,0]} c5 {[%eval 32,0]} 2. Nf3 {[%eval 0,0]} d6 {[%eval 0,0]} 3.
Bb5+ {[%eval 0,0]} Nd7 {[%eval 24,0]} 4. O-O {[%eval 0,0]} a6 {[%eval 9,0]} 5.
Bd3 {[%eval 0,0]} Ngf6 {[%eval 17,0]} 6. Re1 {[%eval 0,0]} e5 $6 {[%eval 52,0]
Inaccuracy. Qc7 was best.} (6... Qc7 7. c3 Ne5 8. Nxe5 dxe5 9. a4 e6 10. Bc2
Be7 11. d3) 7. a4 {[%eval 31,0]} Be7 {[%eval 37,0]} 8. c3 {[%eval 57,0]} O-O {
[%eval 58,0]} 9. Bf1 {[%eval 17,0]} Re8 {[%eval 22,0]} 10. d4 {[%eval 12,0]}
exd4 {[%eval 19,0]} 11. cxd4 {[%eval 26,0]} cxd4 {[%eval 32,0]} 12. Nxd4 {
[%eval 19,0]} d5 {[%eval 34,0]} 13. exd5 {[%eval 4,0]} Nb6 {[%eval 44,0]} 14.
Nc3 {[%eval 36,0]} Nbxd5 {[%eval 36,0]} 15. Qb3 {[%eval 35,0]} Bc5 {[%eval 61,
0]} 16. Rxe8+ {[%eval 47,0]} Qxe8 {[%eval 43,0]} 17. Nxd5 {[%eval 5,0]} Bxd4 {
[%eval 39,0]} 18. Nxf6+ {[%eval 12,0]} Bxf6 {[%eval 12,0]} 19. Be3 {[%eval 0,0]
} Bd7 {[%eval 0,0]} 20. Qxb7 {[%eval 18,0]} Bc6 {[%eval 3,0]} 21. Qb4 {[%eval
1,0]} Rb8 {[%eval 35,0]} 22. Bb6 {[%eval 4,0]} a5 $2 {[%eval 172,0] Mistake.
Bxa4 was best.} (22... Bxa4 23. Rxa4 Be7 24. Qe4 Rxb6 25. Rxa6 Rxa6 26. Bxa6
Qd7 27. Qa8+ Bf8 28. Qf3 Qd4 29. b3) 23. Qxa5 {[%eval 227,0]} Qe4 $6 {[%eval
308,0] Inaccuracy. Bxb2 was best.} (23... Bxb2 24. Re1 Qc8 25. Re2 Ba3 26. Qc3
Rxb6 27. Qxa3 Qa8 28. Rd2 Rb1 29. Qd3 Rb8 30. Ra2) 24. Rc1 {[%eval 321,0]} Bxb2
{[%eval 382,0]} 25. Rc4 {[%eval 415,0]} Qe6 {[%eval 431,0]} 26. Qc5 {[%eval
409,0]} Bd5 {[%eval 441,0]} 27. Rc2 {[%eval 418,0]} Be5 {[%eval 448,0]} 28. a5
{[%eval 405,0]} Qf5 $6 {[%eval 611,0] Inaccuracy. h5 was best.} (28... h5 29.
Re2) 29. Bc7 {[%eval 587,0]} Rc8 {[%eval 708,0]} 30. Qxd5 {[%eval 768,0]} 1-0

[Event "Kvika Reykjavik Open 2022"]
[Site "Reykjavik, Iceland"]
[Date "2022.04.07"]
[Round "3.3"]
[White "Steingrimsson, Hedinn"]
[Black "Adhiban, B...."]
[Result "1/2-1/2"]
[WhiteElo "2538"]
[BlackElo "2633"]
[PlyCount "55"]
[EventDate "2022.??.??"]

1. Nf3 {[%eval 29,0]} d5 {[%eval 34,0]} 2. d4 {[%eval 28,0]} e6 {[%eval 25,0]}
3. c4 {[%eval 0,0]} Nf6 {[%eval 17,0]} 4. Nc3 {[%eval 0,0]} c6 {[%eval 36,0]}
5. e3 {[%eval 1,0]} Nbd7 {[%eval 23,0]} 6. Qc2 {[%eval 5,0]} b6 {[%eval 39,0]}
7. cxd5 {[%eval 24,0]} exd5 {[%eval 34,0]} 8. Bd3 {[%eval 39,0]} Bb7 {[%eval
48,0]} 9. O-O {[%eval 4,0]} Be7 {[%eval 37,0]} 10. e4 {[%eval 6,0]} dxe4 {
[%eval 56,0]} 11. Nxe4 {[%eval 51,0]} O-O {[%eval 61,0]} 12. Ne5 {[%eval 86,0]}
c5 {[%eval 4,0]} 13. Ng5 {[%eval 52,0]} g6 {[%eval 37,0]} 14. Bc4 {[%eval 35,0]
} Nd5 $6 {[%eval 125,0] Inaccuracy. Bd5 was best.} (14... Bd5) 15. Ngxf7 {
[%eval 122,0]} Rxf7 {[%eval 129,0]} 16. Nxf7 {[%eval 121,0]} Kxf7 {[%eval 129,
0]} 17. Qb3 {[%eval 106,0]} N7f6 {[%eval 81,0]} 18. dxc5 {[%eval 112,0]} Bxc5 {
[%eval 114,0]} 19. Bg5 {[%eval 108,0]} Qd7 $4 {[%eval 415,0] Blunder. Qd6 was
best.} (19... Qd6 20. Rad1) 20. Rad1 $2 {[%eval 251,0] Mistake. Bxf6 was best.}
(20. Bxf6 Kxf6) 20... Rd8 {[%eval 418,0]} 21. Qf3 $4 {[%eval 0,0] Blunder.
Bxf6 was best.} (21. Bxf6 Kxf6 22. Rd2 Qf5 23. Rfd1 Ne3 24. fxe3 Rxd2 25. Rxd2
Qb1+ 26. Kf2 Qf5+ 27. Ke1) 21... Qf5 {[%eval 0,0]} 22. Qxf5 {[%eval 0,0]} gxf5
{[%eval 0,0]} 23. Rd3 {[%eval 0,0]} Kg6 {[%eval 0,0]} 24. Bxf6 {[%eval 0,0]}
Kxf6 {[%eval 0,0]} 25. Rfd1 {[%eval 0,0]} Ke5 {[%eval 0,0]} 26. Re1+ {[%eval 0,
0]} Kf6 {[%eval 0,0]} 27. Red1 {[%eval 0,0]} Ke5 {[%eval 0,0]} 28. Re1+ {
[%eval 0,0]} 1/2-1/2

[Event "Kvika Reykjavik Open 2022"]
[Site "Reykjavik, Iceland"]
[Date "2022.04.07"]
[Round "3.4"]
[White "Gupta, Abhijeet"]
[Black "Jarmula, Lukasz"]
[Result "0-1"]
[WhiteElo "2616"]
[BlackElo "2434"]
[PlyCount "92"]
[EventDate "2022.??.??"]

1. d4 {[%eval 3,0]} d5 {[%eval 35,0]} 2. c4 {[%eval 36,0]} dxc4 {[%eval 33,0]}
3. Nf3 {[%eval 0,0]} Nf6 {[%eval 32,0]} 4. e3 {[%eval 13,0]} e6 {[%eval 47,0]}
5. Bxc4 {[%eval 36,0]} c5 {[%eval 37,0]} 6. O-O {[%eval 35,0]} Nc6 {[%eval 43,
0]} 7. Nc3 {[%eval 25,0]} a6 {[%eval 34,0]} 8. a3 {[%eval 2,0]} b5 {[%eval 28,
0]} 9. Ba2 {[%eval 3,0]} Bb7 {[%eval 1,0]} 10. Qe2 {[%eval 8,0]} Qc7 {[%eval
23,0]} 11. dxc5 {[%eval 6,0]} Bxc5 {[%eval 8,0]} 12. b4 {[%eval 3,0]} Bd6 {
[%eval 17,0]} 13. Bb2 {[%eval 15,0]} Rd8 {[%eval 22,0]} 14. Rac1 {[%eval 27,0]}
Qb8 {[%eval 9,0]} 15. Bb1 {[%eval 8,0]} Ne5 {[%eval 38,0]} 16. Nxe5 {[%eval 48,
0]} Bxe5 {[%eval 32,0]} 17. f4 {[%eval 33,0]} Bc7 $6 {[%eval 100,0] Inaccuracy.
Bd6 was best.} (17... Bd6 18. h3 O-O 19. Nd1 Be7 20. Nf2 Rc8 21. Ng4 Nxg4 22.
hxg4 g6 23. Rxc8 Rxc8 24. g5) 18. Kh1 $2 {[%eval 15,0] Mistake. a4 was best.} (
18. a4 O-O 19. axb5 axb5 20. Nxb5 Bb6 21. Be5 Qa8 22. Nd6 Bxg2 23. Qxg2 Bxe3+
24. Kh1 Qxg2+) 18... h5 {[%eval 0,0]} 19. Rfd1 {[%eval 29,0]} Rxd1+ {[%eval 0,
0]} 20. Nxd1 {[%eval 1,0]} h4 {[%eval 0,0]} 21. Bxf6 $4 {[%eval -294,0]
Blunder. h3 was best.} (21. h3 Nh5 22. Qg4 Bb6 23. Kh2 Nf6 24. Qe2 Nh5) 21...
gxf6 {[%eval -207,0]} 22. Nf2 {[%eval -213,0]} h3 $4 {[%eval 9,0] Blunder. f5
was best.} (22... f5 23. Nh3 Rg8 24. Rg1 Bb6 25. Ng5 Qc7 26. Bc2 Rxg5 27. fxg5
h3 28. e4 Bxg1 29. Kxg1) 23. Be4 {[%eval -21,0]} hxg2+ {[%eval -87,0]} 24. Kxg2
{[%eval -58,0]} f5 {[%eval -78,0]} 25. Qc2 $6 {[%eval -14,0] Inaccuracy. Bf3
was best.} (25. Bf3 Ke7 26. Nd3 Bd6 27. h3 Rg8+ 28. Kf2 Be4 29. Ne1 Qb7 30.
Bxe4 Qxe4 31. Qf3 e5) 25... Bxe4+ {[%eval -16,0]} 26. Nxe4 {[%eval -14,0]} Qa8
{[%eval -19,0]} 27. Kg1 $6 {[%eval -300,0] Inaccuracy. Kf1 was best.} (27. Kf1
Qxe4 28. Qxe4 fxe4 29. Rxc7 Rh3 30. Ra7 Rxe3 31. Rxa6 Ke7 32. a4 bxa4 33. Rxa4
f5) 27... Qxe4 $6 {[%eval -11,0] Inaccuracy. Bb6 was best.} (27... Bb6 28. Qc8+
Ke7 29. Qxa8 Bxe3+ 30. Kg2 Rxa8 31. Rc7+ Kf8 32. Nd6 Bxf4 33. Rxf7+ Kg8 34. Rd7
) 28. Qxe4 {[%eval -188,0]} fxe4 {[%eval -182,0]} 29. Rxc7 {[%eval -193,0]} Rh3
{[%eval -198,0]} 30. Rc3 {[%eval -191,0]} Kf8 $6 {[%eval -95,0] Inaccuracy.
Ke7 was best.} (30... Ke7 31. Kg2) 31. Kg2 {[%eval -75,0]} Rf3 {[%eval -65,0]}
32. Kg1 {[%eval -12,0]} Kg7 {[%eval -179,0]} 33. Kg2 {[%eval -182,0]} Kg6 {
[%eval -164,0]} 34. Kg1 $6 {[%eval -273,0] Inaccuracy. h3 was best.} (34. h3)
34... Kf5 {[%eval -139,0]} 35. Kg2 {[%eval -279,0]} e5 $4 {[%eval 45,0]
Blunder. Kg4 was best.} (35... Kg4 36. Rb3 f6 37. Rc3 Rh3 38. a4 bxa4 39. Ra3
Rf3 40. Rc3 Kh5 41. Ra3 Kh4 42. Rc3) 36. fxe5 {[%eval 62,0]} Kxe5 {[%eval 5,0]}
37. Rc5+ {[%eval 71,0]} Kf6 {[%eval 34,0]} 38. Rc6+ $4 {[%eval -142,0] Blunder.
h4 was best.} (38. h4) 38... Kg5 {[%eval -196,0]} 39. Rxa6 $4 {[%eval -439,0]
Blunder. Rc7 was best.} (39. Rc7) 39... f5 {[%eval -432,0]} 40. Rb6 {[%eval
-419,0]} Rxe3 {[%eval -594,0]} 41. Rxb5 {[%eval -405,0]} Rxa3 {[%eval -402,0]}
42. Rb8 {[%eval -501,0]} Ra2+ {[%eval -506,0]} 43. Kh3 {[%eval -662,0]} Kf4 {
[%eval -649,0]} 44. b5 {[%eval -661,0]} Kf3 {[%eval -662,0]} 45. b6 {[%eval
-613,0]} Rb2 {[%eval -632,0]} 46. Kh4 {[%eval -793,0]} f4 {[%eval -615,0]} 0-1

[Event "Kvika Reykjavik Open 2022"]
[Site "Reykjavik, Iceland"]
[Date "2022.04.07"]
[Round "3.6"]
[White "Larkin, Vladyslav"]
[Black "Fier, Alexandr"]
[Result "1/2-1/2"]
[WhiteElo "2424"]
[BlackElo "2573"]
[PlyCount "119"]
[EventDate "2022.??.??"]

1. e4 {[%eval 33,0]} c5 {[%eval 32,0]} 2. Nf3 {[%eval 0,0]} Nc6 {[%eval 0,0]}
3. Bb5 {[%eval 51,0]} g6 {[%eval 59,0]} 4. Bxc6 {[%eval 62,0]} bxc6 {[%eval 76,
0]} 5. O-O {[%eval 55,0]} Bg7 {[%eval 45,0]} 6. Re1 {[%eval 28,0]} Nf6 {
[%eval 55,0]} 7. c3 {[%eval 32,0]} O-O {[%eval 21,0]} 8. h3 {[%eval 35,0]} d6 {
[%eval 25,0]} 9. d4 {[%eval 22,0]} cxd4 {[%eval 28,0]} 10. cxd4 {[%eval 27,0]}
Rb8 {[%eval 28,0]} 11. Nc3 {[%eval 32,0]} Nd7 {[%eval 48,0]} 12. b3 {[%eval 4,
0]} c5 {[%eval 37,0]} 13. Be3 {[%eval 31,0]} Bb7 {[%eval 25,0]} 14. Rc1 {
[%eval 41,0]} Qa5 {[%eval 18,0]} 15. Qd2 {[%eval 7,0]} Rfc8 {[%eval 15,0]} 16.
dxc5 {[%eval 11,0]} Nxc5 {[%eval 5,0]} 17. Bd4 {[%eval 9,0]} Bf8 {[%eval 7,0]}
18. Rc2 $6 {[%eval 88,0] Inaccuracy. Red1 was best.} (18. Red1) 18... e5 {
[%eval 78,0]} 19. Bxc5 {[%eval -98,0]} Rxc5 {[%eval 78,0]} 20. b4 {[%eval 84,0]
} Qxb4 {[%eval 98,0]} 21. Rb1 {[%eval 91,0]} Qc4 {[%eval 88,0]} 22. Rb3 $6 {
[%eval -21,0] Inaccuracy. Ne1 was best.} (22. Ne1 Kg7 23. Qe3 Qa6 24. Rcb2 Rbc8
25. Rxb7 Rxc3 26. Qxa7 Qxa7 27. Rxa7 Rc1 28. Rxc1 Rxc1) 22... Rcc8 {[%eval -12,
0]} 23. Rcb2 {[%eval -5,0]} Qc7 {[%eval -11,0]} 24. Qd3 {[%eval -173,0]} Bc6 {
[%eval -16,0]} 25. Qa6 {[%eval -173,0]} Rxb3 {[%eval -106,0]} 26. Rxb3 {
[%eval -159,0]} Bh6 {[%eval -9,0]} 27. g3 {[%eval -195,0]} Qd7 {[%eval -9,0]}
28. Kg2 $2 {[%eval -243,0] Mistake. h4 was best.} (28. h4) 28... f5 {[%eval
-231,0]} 29. Nd5 {[%eval -354,0]} Kg7 $4 {[%eval 8,0] Blunder. Kf7 was best.} (
29... Kf7 30. Qc4) 30. Ne7 {[%eval 15,0]} Rc7 {[%eval 7,0]} 31. Nxc6 {[%eval 6,
0]} Rxc6 {[%eval 0,0]} 32. Qd3 {[%eval 0,0]} Rc7 $2 {[%eval 144,0] Mistake.
fxe4 was best.} (32... fxe4 33. Qxe4 Rc7 34. h4 Bc1 35. Qd5 Qc6 36. Qe6 Qd7)
33. exf5 {[%eval 109,0]} Qc6 $2 {[%eval 275,0] Mistake. gxf5 was best.} (33...
gxf5) 34. fxg6 $6 {[%eval 179,0] Inaccuracy. Rb4 was best.} (34. Rb4 Rf7 35.
Rc4 Qd7 36. fxg6 hxg6 37. Qd5 Re7 38. Rc6 e4 39. Nh4 Re5 40. Qc4 Kf6) 34...
hxg6 {[%eval 157,0]} 35. Rb4 {[%eval 107,0]} Rf7 {[%eval 154,0]} 36. Rg4 {
[%eval 159,0]} Rf6 {[%eval 147,0]} 37. h4 {[%eval 166,0]} Qc8 {[%eval 184,0]}
38. Rc4 {[%eval 205,0]} Qb7 {[%eval 163,0]} 39. Ra4 {[%eval 124,0]} Qb6 $4 {
[%eval 371,0] Blunder. Kg8 was best.} (39... Kg8) 40. Qa3 $2 {[%eval 199,0]
Mistake. Qd5 was best.} (40. Qd5) 40... a5 {[%eval 228,0]} 41. Qb3 $6 {[%eval
116,0] Inaccuracy. Qc3 was best.} (41. Qc3 Qb7) 41... Qa7 $4 {[%eval 312,0]
Blunder. Qxb3 was best.} (41... Qxb3) 42. Qd5 {[%eval 302,0]} Qb6 $2 {[%eval
487,0] Mistake. Qc7 was best.} (42... Qc7 43. Rxa5 e4 44. Nd4 Qf7 45. Qxf7+
Kxf7 46. Ra7+ Kg8 47. a4 e3 48. f4 Bxf4 49. gxf4) 43. Rc4 {[%eval 408,0]} Qb2
$6 {[%eval 624,0] Inaccuracy. Qa7 was best.} (43... Qa7 44. Rc8) 44. Rc8 {
[%eval 602,0]} Rf7 {[%eval 619,0]} 45. Qxd6 {[%eval 635,0]} Be3 {[%eval 602,0]}
46. Kh3 {[%eval 647,0]} Rxf3 $4 {[%eval 32750,0] Checkmate is now unavoidable.
Qb5 was best.} (46... Qb5 47. Qxe5+ Qxe5 48. Nxe5 Rxf2 49. Ng4 Rxa2 50. Nxe3 a4
51. Ra8 Ra1 52. Kg4 Kf7 53. Ra6) 47. Rc7+ $4 {[%eval 98,0] Lost forced
checkmate sequence. Qe7+ was best.} (47. Qe7+ Rf7 48. Qd8 g5 49. h5 g4+ 50. Kh4
Rxf2 51. Qh8+ Kf7 52. Qe8+ Kf6 53. Rc6+ Kg7) 47... Rf7 {[%eval 145,0]} 48.
Rxf7+ $2 {[%eval 25,0] Mistake. fxe3 was best.} (48. fxe3) 48... Kxf7 {[%eval
22,0]} 49. Qd5+ {[%eval 24,0]} Kf6 {[%eval 27,0]} 50. fxe3 {[%eval 19,0]} Qf2 {
[%eval 19,0]} 51. Qc6+ {[%eval 22,0]} Kg7 {[%eval 29,0]} 52. Qc7+ {[%eval 11,0]
} Kh6 {[%eval 0,0]} 53. Qxe5 {[%eval 0,0]} Qf1+ {[%eval 0,0]} 54. Kg4 {[%eval
0,0]} Qd1+ {[%eval 0,0]} 55. Kf4 {[%eval 0,0]} Qf1+ {[%eval 0,0]} 56. Ke4 {
[%eval 0,0]} Qb1+ {[%eval 0,0]} 57. Kd4 {[%eval 0,0]} Qb2+ {[%eval 0,0]} 58.
Ke4 {[%eval 0,0]} Qb1+ {[%eval 0,0]} 59. Kd4 {[%eval 0,0]} Qb2+ {[%eval 0,0]}
60. Ke4 {[%eval 0,0]} 1/2-1/2